Central Library OPAC University of Rajshahi

SI-YU-KI Buddhist records of the Western World / (Record no. 32419)

MARC details
000 -LEADER
fixed length control field 01087cam a2200313 4500
001 - CONTROL NUMBER
control field 32419
003 - CONTROL NUMBER IDENTIFIER
rucl marc code BD-RjUL
005 - DATE AND TIME OF LATEST TRANSACTION
control field 20211209051831.0
008 - FIXED-LENGTH DATA ELEMENTS--GENERAL INFORMATION
fixed length control field 140426s1983 i b b 001 0 eng
035 ## - SYSTEM CONTROL NUMBER
System control number (BD-RjUL)32508
040 ## - CATALOGING SOURCE
Original cataloging agency DLC
Transcribing agency DLC
Modifying agency DLC
-- BD-RjUL
Language of cataloging eng
041 1# - LANGUAGE CODE
Language code of text/sound track or separate title engchi
082 00 - DEWEY DECIMAL CLASSIFICATION NUMBER
Classification number 915.041
Author mark and year BUD 1983
245 10 - TITLE STATEMENT
Title SI-YU-KI Buddhist records of the Western World /
Statement of responsibility, etc. Translated from the Chinese of Hiuen Tsiang (A.D. 629) by Samuel Beal.
250 ## - EDITION STATEMENT
Edition statement 2nd ed.
260 ## - PUBLICATION, DISTRIBUTION, ETC. (IMPRINT)
Place of publication, distribution, etc. New Delhi :
Name of publisher, distributor, etc. Munshiram manoharlal,
Date of publication, distribution, etc. 1983.
300 ## - PHYSICAL DESCRIPTION
Pagination cviii, 369 p. :
Illustrations map. ;
Size 23 cm.
504 ## - BIBLIOGRAPHY, ETC. NOTE
Bibliography, etc Bibliographical footnotes & Includes Index.
600 10 - SUBJECT ADDED ENTRY--PERSONAL NAME
Personal name Sung, Yun.
Dates associated with a name active 6th century.
650 #0 - SUBJECT ADDED ENTRY--TOPICAL TERM
Topical term or geographic name as entry element Buddhism.
9 (RLIN) 98631
Topical term or geographic name as entry element Chinese
Geographic subdivision Foreign countries.
9 (RLIN) 66873
651 #0 - SUBJECT ADDED ENTRY--GEOGRAPHIC NAME
Geographic name Asia, Central
General subdivision Historical geography.
9 (RLIN) 71243
Geographic name India
General subdivision Historical geography.
9 (RLIN) 98632
700 1# - ADDED ENTRY--PERSONAL NAME
Personal name Beal, Samuel,
Dates associated with a name 1825-1889,
Relator term tr.
Personal name Tsiang,Hiuen.
942 ## - ADDED ENTRY ELEMENTS (KOHA)
Source of classification or shelving scheme Dewey Decimal Classification
Koha item type Books
Holdings
Lost status Source of classification or shelving scheme Damaged status Not for loan Collection code Permanent Location Current Location Shelving location Date acquired Source of acquisition Cost, normal purchase price Total Checkouts Full call number Date last seen Copy number Koha item type
  Dewey Decimal Classification   Not For Loan Non-fiction Central Library, University of Rajshahi Central Library, University of Rajshahi Reading Room 11/03/1984 Tulip enterprise Dhaka. 100.00   915.041 BUD 1983 26/04/2014 C-1 Books